Plan de cuentas para sistemas contables 2020

Detalles Bibliográficos
Autor principal: Uribe Medina, Luis Ral︢
Formato: eBook
Lenguaje:español
Publicado: Bogot:̀ ECOE, 2020
Edición:Quinta Edicin̤
Materias:
Acceso en línea:Acceso restringido

MARC

LEADER 00000nam a22000007a 4500
005 2020031107087.0
007 cr|||| ||||
008 200311s2020 co |||||s|||| 00||0 spa d
020 |a 978-958-771-880-5 
035 |a 31255 
040 |a vLex 
090 |c 10234  |d 10234 
100 1 |a Uribe Medina, Luis Ral︢ 
245 1 0 |a Plan de cuentas para sistemas contables 2020  |h [Recurso electrn̤ico] /  |c Luis Ral︢ Uribe Medina 
250 |a Quinta Edicin̤ 
256 |a Servicio en ln̕ea 
260 |a Bogot:̀  |b ECOE,  |c 2020 
300 |a 1 recurso electrn̤ico 
506 1 |a Disponible solo en los productos indicados  |d vLex Global  |d vLex Global (Academic Edition, excluding Law Schools)  |d vLex Global (U.S. Academic Edition, Law Schools)  |d vLex Global (U.S. Academic Edition, excluding Law Schools)  |d vLex Global (Academic Edition, Law Schools) 
650 0 4 |a Economa̕ y negocios  |z Colombia 
740 0 |a vLex Libros (Servicio en ln̕ea) 
856 4 0 |u http://vlex.com/source/plan-cuentas-sistemas-contables-2020-31255  |z Acceso restringido 
942 |c BOOK 
999 0 |a Economy and business